000
00219nam a2200097Ia 4500
008
240331s9999 xx 000 0 und d
082
_b
AZW
100
_a
Azwer,A.H.M
245
0
_a
Anuradhapura mawadda muslimkal
942
_c
L
999
_c
2048
_d
2048